00000000cam 2200000zi 4500
0019.955452
003CaOODSP
00520260603153438
006m     o  d f      
007cr bn|||||||||
008250917t20252025onc     ob   f000 0 fre d
020 |a9780660790237
040 |aCaOODSP|bfre|erda|cCaOODSP
043 |an-cn---
0861 |aBT48-58/2025F-PDF
24500|aLigne directrice sur la sécurité des mots de passe.
264 1|aOttawa, Ontario : |bSecrétariat du Conseil du trésor du Canada = Treasury Board of Canada Secretariat, |c2025.
264 4|c©2025
300 |a1 ressource en ligne (25 pages)
336 |atexte|btxt|2rdacontent/fre
337 |ainformatique|bc|2rdamedia/fre
338 |aressource en ligne|bcr|2rdacarrier/fre
500 |aTitre de la couverture.
500 |aPublié aussi en anglais sous le titre : Guideline on password security.
500 |a« Publié : le 2025-10-20. »
504 |aComprend des références bibliographiques.
650 6|aOrdinateurs|xAccès|xContrôle|xMots de passe.
650 6|aSécurité informatique|xPolitique gouvernementale|zCanada.
7101 |aCanada. |bConseil du trésor, |eorganisme de publication.
77508|tGuideline on password security.|w(CaOODSP)9.955451
85640|qPDF|s920 Ko|uhttps://publications.gc.ca/collections/collection_2026/sct-tbs/BT48-58-2025-fra.pdf
8564 |qHTML|sS.O.|uhttps://www.canada.ca/fr/gouvernement/systeme/gouvernement-numerique/securite-confidentialite-ligne/gestion-identite-justificatifs-identite-acces/orientation-sur-mots-passe.html